| 000 | 005240000a22001810004500 | ||
|---|---|---|---|
| 003 | MACL | ||
| 005 | 20160527160855.0 | ||
| 008 | 160527b xxu||||| |||| 00| 0 eng d | ||
| 040 |
_aMACL _cMACL |
||
| 041 | _aHindi | ||
| 082 | _a891.433 | ||
| 100 |
_aखरे, ममता _957503 |
||
| 245 |
_aमातृऋण _cममता खरे |
||
| 260 |
_bबाल शिक्षण केन्द्र _c2009 _aनोएडा |
||
| 350 | _a200 | ||
| 650 |
_aLiteracture _960311 |
||
| 942 |
_cHIN _k891.433/KHA/S _2ddc |
||
| 999 |
_c45128 _d45128 |
||